Score 0/20 Timer 03:00
2 Plays Today
% Correct
Darth Vader
98.4%
Iron Man
95.6%
RoboCop
87.8%
Magneto
80.4%
Mulan
78.7%
Boba Fett
77%
Ant-Man
76.8%
Doc Brown
65.7%
Bobby Boucher
62.6%
Flynn
62.4%
% Correct
Speed Racer
62.3%
Judge Dredd
60.4%
Maverick
57.6%
Achilles
55.3%
Ricky Bobby
54.6%
Maximus Decimus Meridius
46.1%
Dark Helmet
44%
The Rocketeer
38.1%
Jim Lovell
28.4%
Charlie Conway
20.3%
Remove Ads.
Support Sporcle.
Get the best of Sporcle when you Go Orange. This ad-free experience offers more features, more stats, and more fun while also helping to support Sporcle. Thank you for becoming a member.

You're not logged in!

Compare scores with friends on all Sporcle quizzes.
OR
Log In

Show Comments

Extras

Top Quizzes Today


Score Distribution

Your Account Isn't Verified!

In order to create a playlist on Sporcle, you need to verify the email address you used during registration. Go to your Sporcle Settings to finish the process.

Report this User

Report this user for behavior that violates our Community Guidelines.

Details: